[Event "CP-2010-P-00050"]
[Site "LSS email"]
[Date "2010.09.28"]
[Round "?"]
[White "Waerstad, Leif Edvin"]
[Black "Wichmann, Guillermo"]
[Result "1-0"]
[WhiteElo "1870"]
[BlackElo "1405"]
[PlyCount "53"]
[EventDate "2010.10.01"]
[EventType "tourn (corr)"]
[EventRounds "6"]
[EventCountry "GER"]
[SourceTitle "Telechess CBM 151"]
[Source "ChessBase"]
[SourceDate "2012.11.13"]
[SourceVersion "1"]
[SourceVersionDate "2012.11.13"]
[SourceQuality "1"]

1. e4 c5 2. Nf3 d6 3. d4 cxd4 4. Nxd4 Nf6 5. Nc3 g6 6. Be3 Bg7 7. f3 Nc6 8. Qd2 Bd7 9. 0-0-0 Ne5 10. Kb1 Rc8 11. g4 h5 12. g5 Nh7 13. f4 Nc4 14. Bxc4 Rxc4 15. Qd3 Rc8 16. Nde2 Qa5 17. Bd4 0-0 18. Nd5 Rfe8 19. Bxg7 Kxg7 20. f5 Nxg5 21. Rhg1 Nh7 22. Nef4 Nf8 23. Qd4+ Kh7 24. Nxh5 f6 25. Ndxf6+ exf6 26. Qxf6 Qe5 27. Rxg6 1-0

[Event "CP-2010-P-00050"]
[Site "LSS email"]
[Date "2010.09.28"]
[Round "?"]
[White "Wichmann, Guillermo"]
[Black "Cusu, Larth"]
[Result "0-1"]
[WhiteElo "1405"]
[BlackElo "1131"]
[PlyCount "52"]
[EventDate "2010.10.01"]
[EventType "tourn (corr)"]
[EventRounds "6"]
[EventCountry "GER"]
[SourceTitle "Telechess CBM 151"]
[Source "ChessBase"]
[SourceDate "2012.11.13"]
[SourceVersion "1"]
[SourceVersionDate "2012.11.13"]
[SourceQuality "1"]

1. d4 Nf6 2. Nf3 g6 3. c4 Bg7 4. Nc3 d5 5. Bf4 0-0 6. e3 c5 7. dxc5 Qa5 8. Rc1 dxc4 9. Bxc4 Qxc5 10. Bb3 Qa5 11. Bxb8 Rxb8 12. 0-0 b6 13. Qc2 Bb7 14. e4 Rbc8 15. Rfd1 Bxe4 16. Qe2 Bxf3 17. Qxf3 e6 18. Rd3 Rfd8 19. Rcd1 Rxd3 20. Rxd3 Nd5 21. Bxd5 Bxc3 22. Bxe6 fxe6 23. bxc3 Qxa2 24. h4 Rf8 25. Qg4 Qxf2+ 26. Kh2 Qf4+ 0-1

[Event "OP-2010-0-01205"]
[Site "LSS email"]
[Date "2010.07.13"]
[Round "?"]
[White "Kocher, Robert"]
[Black "Wichmann, Guillermo"]
[Result "0-1"]
[WhiteElo "800"]
[BlackElo "1433"]
[PlyCount "42"]
[EventDate "2010.07.06"]
[EventType "tourn (corr)"]
[EventRounds "4"]
[EventCountry "GER"]
[SourceTitle "Telechess CBM 143"]
[Source "ChessBase"]
[SourceDate "2011.07.15"]
[SourceVersion "1"]
[SourceVersionDate "2011.07.15"]
[SourceQuality "1"]

1. d4 Nf6 2. c4 c5 3. Nf3 cxd4 4. Nxd4 e6 5. Bg5 Qb6 6. Qd2 Ne4 7. Qd3 Nxg5 8. f4 Qxb2 9. Nc2 Qxa1 10. Nxa1 Bb4+ 11. Kd1 Nc6 12. Nc2 Bc5 13. Nc3 b6 14. fxg5 0-0 15. h4 Ba6 16. Nb5 Ne5 17. Qc3 Ng4 18. Qg3 Nf2+ 19. Ke1 Nxh1 20. Qh2 Bxb5 21. cxb5 Nf2 0-1

[Event "LSS SD-2010-0-00062"]
[Site "LSS email"]
[Date "2010.07.13"]
[Round "?"]
[White "Metz, Larry R"]
[Black "Wichmann, Guillermo"]
[Result "1-0"]
[WhiteElo "1487"]
[BlackElo "1457"]
[PlyCount "45"]
[EventDate "2010.05.25"]
[EventType "tourn (corr)"]
[EventRounds "6"]
[EventCountry "GER"]
[SourceTitle "Telechess CBM 141"]
[Source "ChessBase"]
[SourceDate "2011.03.17"]
[SourceVersion "1"]
[SourceVersionDate "2011.03.17"]
[SourceQuality "1"]

1. e4 c5 2. Nf3 a6 3. d4 cxd4 4. Qxd4 Nc6 5. Qe3 d6 6. Bc4 Nf6 7. 0-0 g6 8. Ng5 Ne5 9. Bb3 h6 10. f4 hxg5 11. fxe5 dxe5 12. Nc3 g4 13. Qf2 Bg7 14. Bg5 0-0 15. Bxf6 Bxf6 16. Nd5 Bg7 17. Rad1 Qa5 18. Nxe7+ Kh7 19. Qh4+ Bh6 20. Kh1 Qc7 21. Nxg6 Kxg6 22. Rf6+ Kg7 23. Qxh6+ 1-0

[Event "OP-2010-0-01205"]
[Site "LSS email"]
[Date "2010.07.13"]
[Round "?"]
[White "Wichmann, Guillermo"]
[Black "Schellen, Anton"]
[Result "0-1"]
[WhiteElo "1441"]
[BlackElo "1367"]
[PlyCount "66"]
[EventDate "2010.07.06"]
[EventType "tourn (corr)"]
[EventRounds "4"]
[EventCountry "GER"]
[SourceTitle "Telechess CBM 143"]
[Source "ChessBase"]
[SourceDate "2011.07.15"]
[SourceVersion "1"]
[SourceVersionDate "2011.07.15"]
[SourceQuality "1"]

1. d4 Nf6 2. Nf3 d5 3. c4 e6 4. Bg5 Be7 5. e3 0-0 6. Nc3 h6 7. Bh4 Nbd7 8. Rc1 a6 9. cxd5 exd5 10. Bd3 c6 11. 0-0 Ne4 12. Bxe7 Qxe7 13. Bxe4 dxe4 14. Nd2 Nf6 15. Qc2 Bf5 16. Na4 Nd5 17. Nc5 b6 18. Ncb3 Rfc8 19. Nc4 a5 20. Ne5 a4 21. Nd2 c5 22. Qb1 Qe6 23. Ndc4 cxd4 24. exd4 e3 25. Qa1 f6 26. Nf3 e2 27. Rfe1 Bd3 28. Ncd2 Nb4 29. Rxc8+ Rxc8 30. Rc1 Nc2 31. Qb1 Re8 32. Re1 Nxe1 33. Qxe1 Qxa2 0-1

[Event "LSS SD-2010-0-00062"]
[Site "LSS email"]
[Date "2010.07.13"]
[Round "?"]
[White "Wichmann, Guillermo"]
[Black "Shelykalin, Vjacheslav"]
[Result "0-1"]
[WhiteElo "1398"]
[BlackElo "1628"]
[PlyCount "82"]
[EventDate "2010.05.25"]
[EventType "tourn (corr)"]
[EventRounds "6"]
[EventCountry "GER"]
[SourceTitle "Telechess CBM 141"]
[Source "ChessBase"]
[SourceDate "2011.03.17"]
[SourceVersion "1"]
[SourceVersionDate "2011.03.17"]
[SourceQuality "1"]

1. d4 Nf6 2. Nf3 d5 3. Bf4 c5 4. c3 e6 5. e3 Nc6 6. Nbd2 Bd6 7. Bxd6 Qxd6 8. Bb5 Bd7 9. Bxc6 Bxc6 10. Ne5 0-0 11. 0-0 Nd7 12. Nxd7 Bxd7 13. Re1 Rfd8 14. Nf3 f6 15. Qb3 a5 16. Rad1 a4 17. Qc2 Be8 18. Qe2 a3 19. b3 Rac8 20. Rc1 Bh5 21. Qb5 Bxf3 22. gxf3 b6 23. Red1 Qc6 24. Qxc6 Rxc6 25. dxc5 Rxc5 26. e4 b5 27. Kf1 Rdc8 28. Rd3 b4 29. exd5 Rxc3 30. Rdxc3 Rxc3 31. Rd1 exd5 32. Rxd5 Rc2 33. Rb5 Rxa2 34. Rxb4 Rb2 35. Kg2 Kf7 36. Rb7+ Kg6 37. b4 a2 38. Ra7 Kf5 39. b5 Ke5 40. b6 Kd6 41. b7 Kc7 0-1

[Event "LSS SD-2010-0-00062"]
[Site "LSS email"]
[Date "2010.07.13"]
[Round "?"]
[White "Wichmann, Guillermo"]
[Black "Sikorski, Roman"]
[Result "0-1"]
[WhiteElo "1372"]
[BlackElo "1421"]
[PlyCount "24"]
[EventDate "2010.05.25"]
[EventType "tourn (corr)"]
[EventRounds "6"]
[EventCountry "GER"]
[SourceTitle "Corr 2013"]
[Source "ChessBase"]
[SourceDate "2012.11.12"]
[SourceVersion "1"]
[SourceVersionDate "2012.11.12"]
[SourceQuality "1"]
[WhiteTeam "US of America"]
[BlackTeam "US of America"]
[WhiteTeamCountry "USA"]
[BlackTeamCountry "USA"]

1. d4 Nf6 2. Nf3 g6 3. c4 Bg7 4. Nc3 d5 5. Bf4 0-0 6. e3 c5 7. dxc5 Ne4 8. Nxe4 dxe4 9. Nd4 e5 10. Bxe5 Bxe5 11. Be2 Qa5+ 12. Kf1 Nc6 0-1

[Event "LSS SD-2010-0-00056"]
[Site "LSS email"]
[Date "2010.05.02"]
[Round "?"]
[White "Ferluga, Sergio"]
[Black "Wichmann, Guillermo"]
[Result "1-0"]
[WhiteElo "1469"]
[BlackElo "1489"]
[PlyCount "81"]
[EventDate "2010.03.13"]
[EventType "tourn (corr)"]
[EventRounds "6"]
[EventCountry "GER"]
[SourceTitle "Telechess CBM 141"]
[Source "ChessBase"]
[SourceDate "2011.03.17"]
[SourceVersion "1"]
[SourceVersionDate "2011.03.17"]
[SourceQuality "1"]

1. e4 c5 2. c4 g6 3. Nf3 Bg7 4. d4 cxd4 5. Nxd4 Nc6 6. Be3 d6 7. Nc3 Nf6 8. f3 Bd7 9. Be2 0-0 10. Qd2 Rc8 11. Nxc6 Rxc6 12. 0-0 a6 13. Nd5 Nxd5 14. exd5 Rc8 15. Rac1 b5 16. a3 Rb8 17. Bd4 Bxd4+ 18. Qxd4 bxc4 19. Rfe1 Qb6 20. Qxb6 Rxb6 21. Bxc4 Re8 22. b4 Kf8 23. Kf2 Bb5 24. Bb3 Rb7 25. h4 Ra8 26. Rh1 h6 27. g4 a5 28. a4 Bd7 29. b5 Raa7 30. Rc3 Rc7 31. Rhc1 Rxc3 32. Rxc3 Ke8 33. Ke3 Kd8 34. Kd4 Rc7 35. Bc4 Rc5 36. Re3 Rc7 37. Re1 Rc5 38. g5 h5 39. f4 Bc8 40. b6 Bd7 41. b7 1-0

[Event "OP-2010-0-01147"]
[Site "LSS email"]
[Date "2010.05.02"]
[Round "?"]
[White "Raines, David T"]
[Black "Wichmann, Guillermo"]
[Result "0-1"]
[WhiteElo "1063"]
[BlackElo "1372"]
[PlyCount "72"]
[EventDate "2010.04.27"]
[EventType "tourn (corr)"]
[EventRounds "4"]
[EventCountry "GER"]
[SourceTitle "Corr 2013"]
[Source "ChessBase"]
[SourceDate "2012.11.12"]
[SourceVersion "1"]
[SourceVersionDate "2012.11.12"]
[SourceQuality "1"]

1. Nf3 g6 2. d4 Bg7 3. c4 d6 4. g3 Nf6 5. Bg2 0-0 6. 0-0 Nc6 7. Nc3 e5 8. d5 Ne7 9. e4 Nd7 10. Ne1 f5 11. Nd3 b6 12. b3 Nf6 13. Bb2 g5 14. f3 f4 15. g4 h5 16. h3 Qe8 17. Nf2 Qg6 18. Nb5 Ne8 19. Qe2 a6 20. Nc3 Nf6 21. Rfd1 Kf7 22. Kf1 Rh8 23. Ke1 Bd7 24. Kd2 hxg4 25. hxg4 Rh2 26. Rg1 Rah8 27. Rad1 Qh6 28. Kc1 Qh4 29. Nh1 Nxg4 30. fxg4 Bxg4 31. Qf1 Bxd1 32. Nxd1 g4 33. b4 Ke8 34. c5 f3 35. Bxf3 gxf3 36. Rxg7 Qh6+ 0-1

[Event "LSS CP-2009-P-00049"]
[Site "LSS email"]
[Date "2009.09.27"]
[Round "?"]
[White "Wichmann, Guillermo"]
[Black "Lanin, Boris Aleksandrovic"]
[Result "0-1"]
[WhiteElo "1556"]
[BlackElo "1930"]
[PlyCount "60"]
[EventDate "2009.10.01"]
[EventType "tourn (corr)"]
[EventRounds "6"]
[EventCountry "GER"]
[SourceTitle "Telechess CBM 137"]
[Source "ChessBase"]
[SourceDate "2010.07.15"]
[SourceVersion "1"]
[SourceVersionDate "2010.07.15"]
[SourceQuality "1"]

1. d4 g6 2. e4 Bg7 3. Nf3 d6 4. Nc3 a6 5. Be3 b5 6. Be2 Bb7 7. 0-0 Nf6 8. e5 Ng4 9. Ng5 Nxe3 10. fxe3 0-0 11. Bf3 c6 12. e6 f6 13. Nh3 Bh6 14. Nf4 b4 15. Ne4 f5 16. Ng3 a5 17. Qd3 Ba6 18. c4 bxc3 19. Qxc3 Bxf1 20. Rxf1 Bxf4 21. exf4 Qb6 22. Kh1 Ra7 23. h4 Rb7 24. b3 Qb4 25. Qd3 Rb6 26. h5 a4 27. bxa4 Qxa4 28. hxg6 hxg6 29. d5 Qxf4 30. Be2 Qe5 0-1

[Event "LSS RC-2009-0-00030"]
[Site "LSS email"]
[Date "2009.08.21"]
[Round "?"]
[White "Sherwood, Russell"]
[Black "Wichmann, Guillermo"]
[Result "1/2-1/2"]
[WhiteElo "1727"]
[BlackElo "1621"]
[PlyCount "31"]
[EventDate "2009.05.16"]
[EventType "tourn (corr)"]
[EventRounds "6"]
[EventCountry "GER"]
[SourceTitle "Corr 2013"]
[Source "ChessBase"]
[SourceDate "2012.11.12"]
[SourceVersion "1"]
[SourceVersionDate "2012.11.12"]
[SourceQuality "1"]

1. e4 g6 2. d4 Bg7 3. Nc3 d6 4. Bg5 Nc6 5. Nge2 h6 6. Be3 Nf6 7. f3 e5 8. d5 Ne7 9. g4 c6 10. Qd2 cxd5 11. exd5 Qa5 12. 0-0-0 0-0 13. Kb1 b5 14. Ne4 Qxd2 15. Nxf6+ Bxf6 16. Rxd2 1/2-1/2

[Event "LSS RC-2009-0-00030"]
[Site "LSS email"]
[Date "2009.08.17"]
[Round "?"]
[White "Wichmann, Guillermo"]
[Black "Bokros, Janos"]
[Result "0-1"]
[WhiteElo "1372"]
[BlackElo "1697"]
[PlyCount "52"]
[EventDate "2009.05.16"]
[EventType "tourn (corr)"]
[EventRounds "6"]
[EventCountry "GER"]
[SourceTitle "Telechess CBM 147"]
[Source "ChessBase"]
[SourceDate "2012.03.16"]
[SourceVersion "1"]
[SourceVersionDate "2012.03.16"]
[SourceQuality "1"]

1. d4 d5 2. Nf3 Nf6 3. c4 e6 4. Bg5 Nc6 5. e3 Be7 6. Nc3 0-0 7. Bd3 h6 8. Bh4 Nb4 9. Be2 dxc4 10. Bxc4 b6 11. a3 Nbd5 12. 0-0 Nxc3 13. bxc3 Bb7 14. Ne5 Nd7 15. Bxe7 Qxe7 16. Nxd7 Qxd7 17. Qe2 Rac8 18. Ba6 Bxa6 19. Qxa6 c5 20. Rfc1 Rc7 21. a4 Rfc8 22. Rcb1 cxd4 23. cxd4 Rc6 24. h3 R8c7 25. a5 b5 26. Qxb5 Rc1+ 0-1

[Event "LSS RC-2009-0-00028"]
[Site "LSS email"]
[Date "2009.06.14"]
[Round "?"]
[White "Wichmann, Guillermo"]
[Black "Bruinsma, Monique"]
[Result "1-0"]
[WhiteElo "1630"]
[BlackElo "1733"]
[PlyCount "41"]
[EventDate "2009.04.25"]
[EventType "tourn (corr)"]
[EventRounds "6"]
[EventCountry "GER"]
[SourceTitle "Corr 2011"]
[Source "ChessBase"]
[SourceDate "2010.08.31"]
[SourceVersion "1"]
[SourceVersionDate "2010.08.31"]
[SourceQuality "1"]

1. d4 Nf6 2. Nf3 e6 3. Bg5 h6 4. Bh4 b6 5. e3 Bb7 6. Bd3 g5 7. Bg3 g4 8. Nh4 Rg8 9. f3 Be7 10. Qd2 Nd5 11. Qf2 Nxe3 12. Qxe3 Bxh4 13. Qxh6 Bg5 14. Qh7 Rf8 15. fxg4 Bf6 16. Qh6 Bxd4 17. c3 Bxg2 18. cxd4 Bxh1 19. Nc3 Nc6 20. Bh4 Nb4 21. Bxd8 1-0

[Event "LSS OP-2009-0-00830"]
[Site "LSS email"]
[Date "2009.05.03"]
[Round "?"]
[White "Downs, Ray"]
[Black "Wichmann, Guillermo"]
[Result "1-0"]
[WhiteElo "1766"]
[BlackElo "1630"]
[PlyCount "55"]
[EventDate "2009.04.28"]
[EventType "tourn (corr)"]
[EventRounds "4"]
[EventCountry "GER"]
[SourceTitle "Corr 2011"]
[Source "ChessBase"]
[SourceDate "2010.08.31"]
[SourceVersion "1"]
[SourceVersionDate "2010.08.31"]
[SourceQuality "1"]

1. e4 g6 2. d4 Bg7 3. Nf3 d6 4. c3 Nf6 5. Bd3 0-0 6. 0-0 Nc6 7. Re1 e5 8. h3 Re8 9. d5 Ne7 10. c4 Nd7 11. Nc3 a5 12. a3 f5 13. Rb1 f4 14. b4 h6 15. Nd2 g5 16. Be2 Ng6 17. Bh5 Kh7 18. c5 dxc5 19. bxc5 Nxc5 20. Nc4 a4 21. Rb4 Na6 22. Rb5 Rf8 23. Bg4 Nh4 24. f3 b6 25. d6 h5 26. Bxc8 Qxc8 27. d7 Qb7 28. Na5 1-0

[Event "LSS OP-2009-0-00772"]
[Site "LSS email"]
[Date "2009.02.28"]
[Round "?"]
[White "Wichmann, Guillermo"]
[Black "Bester, Kazimierz"]
[Result "1-0"]
[WhiteElo "1372"]
[BlackElo "719"]
[PlyCount "27"]
[EventDate "2009.02.25"]
[EventType "tourn (corr)"]
[EventRounds "4"]
[EventCountry "GER"]
[SourceTitle "Corr 2015"]
[Source "ChessBase"]
[SourceDate "2015.07.17"]
[SourceVersion "1"]
[SourceVersionDate "2015.07.17"]
[SourceQuality "1"]

1. d4 g6 2. e4 Bg7 3. Nc3 Nc6 4. Be3 e6 5. Nf3 Nge7 6. Be2 0-0 7. Qd2 d5 8. 0-0-0 a6 9. Bh6 Kh8 10. h4 Rg8 11. Ng5 f6 12. Nf3 dxe4 13. Nxe4 g5 14. Bxg7+ 1-0

[Event "LSS OP-2009-0-00772"]
[Site "LSS email"]
[Date "2009.02.28"]
[Round "?"]
[White "Wichmann, Guillermo"]
[Black "Zukan, Jakob"]
[Result "1-0"]
[WhiteElo "1619"]
[BlackElo "726"]
[PlyCount "59"]
[EventDate "2009.02.25"]
[EventType "tourn (corr)"]
[EventRounds "4"]
[EventCountry "GER"]
[SourceTitle "Corr 2011"]
[Source "ChessBase"]
[SourceDate "2010.08.31"]
[SourceVersion "1"]
[SourceVersionDate "2010.08.31"]
[SourceQuality "1"]

1. d4 b6 2. Nf3 Bb7 3. Bf4 e6 4. e3 Nf6 5. Bd3 d5 6. Nbd2 c5 7. c3 Bd6 8. Bxd6 Qxd6 9. Ne5 0-0 10. f4 Nbd7 11. Qf3 c4 12. Bc2 b5 13. g4 b4 14. g5 Ne8 15. Qh5 g6 16. Qf3 f5 17. a4 bxa3 18. Rxa3 a5 19. Ndxc4 Qc7 20. Nd2 Nd6 21. h4 Nb5 22. Ra1 Nd6 23. h5 Nxe5 24. fxe5 Nf7 25. hxg6 hxg6 26. Qh3 Nxg5 27. Qh8+ Kf7 28. Rh7+ Nxh7 29. Qxh7+ Ke8 30. Qxc7 1-0

[Event "IECG CC.2004.0.00099 email"]
[Site "IECG email"]
[Date "2004.09.05"]
[Round "1"]
[White "Wichmann, Guillermo"]
[Black "Sensabaugh, Gene"]
[Result "1-0"]
[WhiteElo "1734"]
[BlackElo "1644"]
[PlyCount "65"]
[EventDate "2004.08.03"]
[EventType "tourn (corr)"]
[EventRounds "6"]
[SourceTitle "Corr 2008"]
[Source "ChessBase"]
[SourceDate "2008.06.24"]
[SourceVersion "1"]
[SourceVersionDate "2008.06.24"]
[SourceQuality "1"]

1. d4 Nf6 2. Nf3 d5 3. c4 e6 4. Bg5 Be7 5. Nc3 Nbd7 6. e3 0-0 7. Rc1 c6 8. Bd3 dxc4 9. Bxc4 Nd5 10. Bxe7 Nxc3 11. Rxc3 Qxe7 12. 0-0 Nb6 13. Bb3 Nd5 14. Rc1 Nf6 15. Ne5 Nd7 16. Nxd7 Bxd7 17. Qd2 Rfd8 18. Qc3 Be8 19. a3 Qd6 20. Ba2 Qd7 21. b4 a6 22. Qc5 Qd6 23. Qb6 Qd7 24. Rc5 Rdc8 25. Rfc1 Kh8 26. a4 Kg8 27. Bb3 Kh8 28. g3 Kg8 29. Kg2 Kf8 30. Bd1 Qc7 31. Qxc7 Rxc7 32. Bf3 Rac8 33. b5 1-0